Reformas para América Latina: después del fundamento neoliberal

Gardado en:
Detalles Bibliográficos
Autor Principal: Ffrench-Davis, Ricardo (Author)
Formato: Libro
Idioma:Lingua castelá
Publicado: Buenos Aires Siglo XXI 2005
Edición:1a. ed
Subjects:
Tags: Engadir etiqueta
Sen Etiquetas, Sexa o primeiro en etiquetar este rexistro!

MARC

LEADER 00000nam a2200000 a 4500
001 UCK8309
003 CL-VaPUC
008 060310e20050000AG |||||||||||||||||spa|d
020 |a 9871220286 
082 0 4 |a 337  |b FFR  |2 21 
100 0 |a Ffrench-Davis, Ricardo  |e author  |9 498110 
245 1 0 |a Reformas para América Latina: después del fundamento neoliberal 
250 |a 1a. ed 
300 |a 324 p 
942 |c BK 
945 |d 20060310 00:00:00  |a jtorresc 
260 |a Buenos Aires  |b Siglo XXI  |c 2005 
650 0 |a Economía   |9 255568 
650 7 |a REFORMAS  |2 CL-VaPUC  |9 256195 
651 0 |a América Latina   |9 255027 
583 |a last modification  |c 20060310 00:00:00  |k Rodrigo Vera 
999 |c 316022  |d 316020 
952 |0 0  |1 0  |4 0  |6 337_000000000000000_FFR_2005  |7 0  |8 A  |9 390068  |a BIBGIM  |b BIBGIM  |d 2019-11-22  |i 4210905  |o 337 FFR 2005  |p 4210905  |r 2025-01-15  |w 2019-11-22  |y BK  |k GIM 
952 |0 0  |1 0  |4 0  |6 337_000000000000000_FFR_2005  |7 0  |8 A  |9 390069  |a BIBEDU  |b BIBEDU  |d 2019-11-22  |i 4515803  |o 337 FFR 2005  |p 4515803  |r 2019-11-22  |w 2019-11-22  |y BK  |k EPE